00711nam a2200241Ia 450000500170000000800410001702000150005804100080007308200130008124500380009425000220013230000410015465000300019565000310022565000300025694200120028626400330029833600270033133700330035833800280039104000350041999900150045420220316235649.0121119s1999 sp a gr 000 0 spa  a84342186580 aspa04a752bT6200aTodo sobre la técnica del color aPrimera edición a144 páginasbilustraciones c21 cm14aColor xTécnicas 2LEMB14aPinturaxTécnicas 2LEMB14aTeoría del color 2LEMB 2ddccBK aBarcelona bParramónc1999 atextobtxt2rdacontent asin mediaciónbn2rdamedia avolumenbnc2rdacarrier aCO-BoRNBPbspaerdacCO-BoRNBP c1732d1732